000 01083cam a2200313 a 4500
001 16211319
005 20170105102841.0
008 100430s2011 enk b 001 0 eng
010 _a 2010018661
020 _a9780415582018 (alk. paper)
020 _a9780203839799 (alk. paper)
040 _aDLC
_cDLC
_dDLC
042 _apcc
050 0 0 _aHV6431
_b.Z88 2011
082 0 0 _a363.325/17
_222
100 1 _aZwitter, Andrej.
245 1 0 _aHuman security, law, and the prevention of terrorism /
_cAndrej Zwitter.
260 _aMilton park, Abingdon ;
_aNew York :
_bRoutledge,
_c2011.
300 _a206 p. ;
_c24 cm.
490 0 _aRoutledge advances in international relations and global politics
504 _aIncludes bibliographical references and index.
650 0 _aTerrorism.
650 0 _aTerrorism
_xPrevention.
650 0 _aHumanitarian law
_xInternational cooperation.
650 0 _aHuman rights.
906 _a7
_bcbc
_corignew
_d1
_eecip
_f20
_gy-gencatlg
942 _2ddc
_cBK
999 _c13869
_d13869